000 00680nam a22002057a 4500
005 20140731110419.0
010 _aENG-110064
020 _a9789380607702
_c1595.00
035 _aEN-93597
037 _bDBAD/PUB
082 _a954
100 _aNewcombe, A.C.
245 _aVillage, town and jungle life in India /
_cby A.C Newcombe
260 _aDelhi
_bPrimus Books
_c2013
270 _aVirat Bhavan, Mukherjee Nagar Commercial Complex
_bDelhi
_e110009
300 _axii, 417 p., [30] leaves of plates :
_bill.
_c23cm(Hb)
500 _a Reprint. Originally published: London : W. Blackwood, 1905.
600 _aNewcombe, A. C.
942 _2ddc
_cEN
_mNEW
_h954
999 _c84468
_d84468